RAP - Feat FR/US : Trouve le rappeur US - Statistiques

Statistiques générales
  • Ce quiz a été pris 133 fois
    123 depuis la dernière actualisation
  • Le résultat moyen est 22 sur 65
Statistiques - réponses
Nom du son Rappeur FR Rappeur US % Correct
Crystal Kaaris Future
83%
Bellucci Booba Future
83%
Wemby Gazo Offset
71%
Sadio Hamza Offset
71%
Black Card Joke Pusha T
70%
Blue story Ninho Lil Baby
67%
What We Doing!? / Qu'est ce qu'on fait!? BU$HI Quavo
67%
Réseaux (Remix) Niska Quavo
67%
BIG FLEX Alkpote Quavo
67%
Maghreb Gang Hamza French Montana
57%
A.W.A. Lacrim French Montana
57%
Ray Charles La Fouine French Montana
57%
Puerto Rico Lacrim French Montana
57%
J'suis qu'un Thug (Remix) Lacrim French Montana
57%
Corazon GIMS French Montana
57%
Gulfstream Werenoi Gunna
56%
On fait pas ça Lacrim Lil Durk
50%
679 (Remix) Kaaris Fetty Wap
48%
Trap Queen (Remix) Gradur Fetty Wap
48%
Money Lacrim Migos
48%
#LHOMMEAUBOB Gradur Migos
48%
Belly Guy2Bezbar Rick Ross
48%
1.8.7 Booba Rick Ross
48%
Never Personal Lacrim Rick Ross
48%
Bloody Lacrim 6ix9ine
47%
International Gangstas SCH 6ix9ine
47%
Bonjour Gambi NLE Choppa
42%
Corazon GIMS Lil Wayne
41%
Milliers d'euros Dosseh Young Thug
40%
FTR Werenoi Lil Tjay
38%
Gun in hand Booba Akon
35%
Lunatic Booba Akon
35%
Locked Up (French Remix) Booba Akon
35%
2.7 Zéro 10. 17 Kaaris Gucci Mane
29%
Flair Kalash Gucci Mane
29%
BANG BANG (SchweitzerNVRsquaad) Gradur Chief Keef
28%
West Coast Lacrim Snoop Dogg
25%
Marriott hôtel Dosseh Tory Lanez
25%
My Salsa Franglish Tory Lanez
25%
Ca va trop vite Bigflo & Oli Busta Rhymes
22%
Affirmative Action NTM Nas
22%
Bust Down Deux Youv Dee Trippie Redd
22%
TYPE SHIT La Fève Yung L.A.
19%
De La Hoya Gianni Don Toliver
15%
Caesar Palace Booba P. Diddy
14%
C'est la vie Booba 2 Chainz
12%
Caillera for Life La Fouine The Game
12%
Top of the World Rohff The Game
12%
Lay Back Jazzy Bazz Freddie Gibbs
10%
Toussa Toussa disiz Mac Miller
10%
Pay Me Sadek Meek Mill
10%
OKAY Franglish Tyga
10%
On Time Leck Tyga
10%
La Saga IAM Wu-Tang Clan
9%
Vntm.com La Fouine DJ Khaled
8%
L'école du crime 113 Mobb Deep
8%
Réel Booba T-Pain
8%
Rollin' Like a Boss La Fouine T-Pain
8%
Urusky OBOY Lil Gotit
7%
Trust Myself Bigflo & Oli Russ
6%
T'es mort dans l'film La Fouine Ace Hood
3%
Implication 13 Block Gino Marley
3%
Percer Kerchak Bandmanrill
2%
Where’s Yours At? Rohff Pharrell Wiliams
2%
Nino Brown Sadek Jae Millz
1%
Aucun quiz correspondant
Distribution des résultats
% des personnes avec chaque résultat
Percentile par nombre de réponses
Votre historique - résultats
Vous n’avez pas pris ce quiz depuis la dernière actualisation